Die teuersten Fußballtransfers - Geboren 2004 - Statistiken

Allgemein
  • Dieses Quiz wurde 19 mal gespielt
  • Das Durchschnittsergebnis liegt bei 3 aus 10
Antwortstatistiken
Ablöse (M €) Saison Nationalität Abgebender Verein Aufnehmender Verein Spieler % Korrekt
62,10 2023-2024 Belgien Southampton FC Chelsea Roméo Lavia
100%
22,26 2022-2023 Belgien Manchester City U21 Southampton Roméo Lavia
100%
27,00 2023-2024 Frankreich Stade Rennes FC Chelsea Lesley Ugochukwu
29%
32,50 2024-2025 England FC Chelsea Newcastle United Lewis Hall
29%
27,00 2023-2024 Kamerun LOSC Lille Brighton Carlos Baleba
18%
17,00 2024-2025 Ghana Sporting Leicester City Issahaku Fatawu
18%
21,10 2023-2024 England Blackburb Crystal Palace Adam Wharton
12%
19,50 2024-2025 Ghana Nordsjaelland Brighton Ibrahim Osman
12%
15,00 2023-2024 Brasilien Santos FC Chelsea Ângelo
6%
20,00 2023-2024 Brasilien Flamengo Crystal Palace Matheus França
0%
Keine übereinstimmenden Quizze gefunden
Verteilung der Resultate
Anzahl Personen mit jedem Resultat
Perzentil nach korrekt beantworteten Fragen
Ihre Resultats-Entwicklung
Sie haben dieses Quiz noch nicht gespielt